| 000 | 00415nam a22001577a 4500 | ||
|---|---|---|---|
| 005 | 20231110145718.0 | ||
| 008 | 231110b |||||||| |||| 00| 0 eng d | ||
| 041 | _aEnglish | ||
| 082 | _a346.1 DIV | ||
| 100 | _lEnglish | ||
| 245 | _aDivorce : Custody Evaluation Workshop | ||
| 260 | _c1996 | ||
| 300 |
_b13 pages ; _c30,5 cm. |
||
| 650 |
_aLegal practice _bLaw |
||
| 942 |
_cBK _6ALISON_BN_VRIES |
||
| 999 |
_c529 _d529 |
||